Tìm hiểu tác động của dự án khai thác đá hoa mỏ đá Mông Sơn - Yên Bình - Yên Bái tới môi trường khu vực
Cơ sở lý luận và thực tiễn đề tài. Tìm hiểu tác động của dự án khai thác đá hoa mỏ đá Mông Sơn - Yên Bình - Yên Bái tới môi trường khu vực Một số biện pháp ngăn ngừa, giảm thiểu tác động tiêu cực của việc thực hiện dự án khai thác đá hoa tới môi trường...
Sparad:
| Huvudupphovsman: | |
|---|---|
| Övriga upphovsmän: | |
| Materialtyp: | Bok |
| Språk: | Vietnamese |
| Publicerad: |
Đại học Đà Nẵng
Trường đại học Sư Phạm
2011
|
| Serie: | Khóa luận tốt nghiệp đại học. Chuyên ngành: Cử nhân Địa lý
|
| Ämnen: | |
| Taggar: |
Lägg till en tagg
Inga taggar, Lägg till första taggen!
|
| Thư viện lưu trữ: | Mạng thư viện Đại học Đà Nẵng |
|---|
| LEADER | 01732nam a2200349 4500 | ||
|---|---|---|---|
| 001 | 000011956 | ||
| 003 | 8238 | ||
| 005 | 20120214090202.0 | ||
| 008 | 120214s2011 viesd | ||
| 041 | |a vie | ||
| 072 | |a Khóa luận tốt nghiệp | ||
| 082 | |a 553.5597157 |b NG-L | ||
| 100 | |a Nguyễn, Thị Thanh Lam | ||
| 245 | |a Tìm hiểu tác động của dự án khai thác đá hoa mỏ đá Mông Sơn - Yên Bình - Yên Bái tới môi trường khu vực |c Nguyễn, Thị Thanh Lam | ||
| 260 | |a Đại học Đà Nẵng |b Trường đại học Sư Phạm |c 2011 | ||
| 300 | |a 60 tr. |c 29 cm | ||
| 490 | |a Khóa luận tốt nghiệp đại học. Chuyên ngành: Cử nhân Địa lý | ||
| 500 | |a Tham khảo tr.60 | ||
| 520 | |a Cơ sở lý luận và thực tiễn đề tài. Tìm hiểu tác động của dự án khai thác đá hoa mỏ đá Mông Sơn - Yên Bình - Yên Bái tới môi trường khu vực Một số biện pháp ngăn ngừa, giảm thiểu tác động tiêu cực của việc thực hiện dự án khai thác đá hoa tới môi trường | ||
| 653 | |a Khóa luận tốt nghiệp đại học | ||
| 653 | |a Khoa Địa lí | ||
| 700 | |a Nguyễn, Thị Thanh Hương |c Th.S |e Hướng dẫn | ||
| OWN | |a LSP | ||
| AVA | |a UDN50 |b LSP |d 553.5597157 NG-L |e available |t Error 5001 Not defined in file expand_doc_bib_avail. |f 1 |g 0 |h N |i 0 |k 1 | ||
| 999 | |a From the UDN01 | ||
| AVA | |a UDN50 |b LSP |d 553.5597157 NG-L |e available |t Error 5001 Not defined in file expand_doc_bib_avail. |f 1 |g 0 |h N |i 0 |k 1 | ||
| TYP | |a Monograph | ||
| TYP | |a Printed language | ||
| 980 | |a Mạng thư viện Đại học Đà Nẵng | ||